John milne : Father of modern seismology

Na minha lista:
Detalhes bibliográficos
Autor principal: Gustar, A. L. Herbert
Formato: Livro
Idioma:Undetermined
Publicado em: England Paul Norbury Publications Limited 1980
Assuntos:
Tags: Adicionar Tag
Sem tags, seja o primeiro a adicionar uma tag!
Thư viện lưu trữ: Trung tâm Học liệu Trường Đại học Cần Thơ
LEADER 00637nam a2200217Ia 4500
001 CTU_88543
008 210402s9999 xx 000 0 und d
082 |a 551.2 
082 |b G982 
100 |a Gustar, A. L. Herbert 
245 0 |a John milne : 
245 0 |b Father of modern seismology 
245 0 |c A. L. Herbert Gustar, P. A. Nott 
260 |a England 
260 |b Paul Norbury Publications Limited 
260 |c 1980 
650 |a Milne, John, 1850-1913,Seismology,Geologists 
650 |x History,Biography 
650 |z Japan,England 
904 |a Trọng Hải 
980 |a Trung tâm Học liệu Trường Đại học Cần Thơ